Statistiques concernant Focus sur: James Potter - Harry Potter

Cliquez ici pour prendre le quiz!

Statistiques générales

  • Ce quiz a été pris 576 fois
  • Le résultat moyen est 11 sur 15

Statistiques - réponses

Informations recherchéesRéponses% Correct
FilsHarry Potter
99%
Statut du sangSang-Pur
99%
ÉpouseLily Potter
98%
Ecole fréquentéePoudlard
98%
AnimagusCerf
97%
PatronusCerf
97%
Maison fréquentéeGryffondor
97%
Première apparitionHarry Potter à l'école des sorciers
95%
Poste occupé au QuidditchPoursuiveur
95%
Couleur des cheveuxNoir
89%
SurnomCornedrue
84%
PèreFleamont Potter
27%
MèreEuphemia Potter
25%
Acteur l'interprétant dans les filmsAdrian Rawlins
18%
Bois de la baguetteAcajou
16%

Distribution des résultats

Percentile par nombre de réponses

% des personnes avec chaque résultat

Votre développement - résultats

Vous n’avez pas pris ce quiz